Made in Japan and other Japanese "business novels"

محفوظ في:
التفاصيل البيبلوغرافية
التنسيق: كتاب
اللغة:Undetermined
منشور في: Armonk M.E. Sharpe 1989
الموضوعات:
الوسوم: إضافة وسم
لا توجد وسوم, كن أول من يضع وسما على هذه التسجيلة!
Thư viện lưu trữ: Trung tâm Học liệu Trường Đại học Cần Thơ
LEADER 00480nam a2200169Ia 4500
001 CTU_85748
008 210402s9999 xx 000 0 und d
082 |a 895.6 
082 |b M181 
245 0 |a Made in Japan and other Japanese "business novels" 
245 0 |c Translator and editor Tamae K. Prindle 
260 |a Armonk 
260 |b M.E. Sharpe 
260 |c 1989 
650 |a Business enterprises 
904 |i Năm 
980 |a Trung tâm Học liệu Trường Đại học Cần Thơ